00744cam a22002294a 4500020001500000020002100015040000800036082002600044245001100070250001200081260005200093300004800145650001300193650001900206650001900225650002500244700001800269856005600287942000700343999001700350952014700367 a0072437189 a0071214828 (ISE) cDLC00a570 MCG 2004 A035 Or.00aLife / a5th ed. aBoston :bMcGraw-Hill Higher Education,cc2004. axxiii, 981 p. :bill. (some col.) ;c29 cm. 0aBiology. 0aHuman biology. 0aLife sciences.12aBiological Sciences.1 aLewis, Ricki.41uhttp://www.loc.gov/catdir/toc/mh031/2002011268.html cEK c12718d12718 0010406570_000000000000000_MCG_2004_A035_OR70962803aLBAbLBAcA035d2017-08-16o570 MCG 2004 A035 Or.pA17053r2017-08-16w2017-08-16yEK